GTA V - Quartiers de Los Santos et Blaine Country - Statistiques

Statistiques générales
  • Ce quiz a été pris 84 fois
    79 depuis la dernière actualisation
  • Le résultat moyen est 6 sur 41
Statistiques - réponses
Hint Réponse % Correct
Blaine Country Paleto Bay
60%
Blaine Country Sandy Shores
48%
Vespucci Vespucci Beach
34%
Grand Quartier Rockford Hills
29%
Grand Quartier Little Seoul
28%
Est (East L.S.) La Mesa
26%
Sud (South L.S.) Strawberry
26%
Grand Quartier Aéroport International de Los Santos (L.S.I.A.)
22%
Sud (South L.S.) Davis
22%
Blaine Country Chumash
21%
Blaine Country Grapeseed
21%
Vinewood Mirror Park
19%
Centre (Downtown L.S.) Mission Row
19%
Grand Quartier Del Perro
17%
Grand Quartier La Puerta
17%
Centre (Downtown L.S.) Pillbox Hill
16%
Blaine Country Fort Zancudo
14%
Vinewood Vinewood Est
12%
Vespucci Canaux de Vespucci
10%
Est (East L.S.) Cypress Flats
10%
Est (East L.S.) El Burro Heights
10%
Sud (South L.S.) Rancho
10%
Grand Quartier Richman
10%
Vinewood Alta
9%
Sud (South L.S.) Chamberlain Hills
9%
Vinewood Hawick
9%
Grand Quartier Morningwood
9%
Grand Quartier Elysian Island
7%
Est (East L.S.) Murrieta Heights
7%
Vinewood Vinewood Centre
7%
Vinewood Burton
5%
Blaine Country Grand Señora Desert
5%
Centre (Downtown L.S.) Legion Square
5%
Grand Quartier Terminal
5%
Centre (Downtown L.S.) Textile City
5%
Vinewood Vinewood Ouest
5%
Blaine Country Great Chaparral
3%
Blaine Country Harmony
3%
Grand Quartier Pacific Bluffs
3%
Vespucci Puerto Del Sol
3%
Blaine Country Banham Canyon
2%
Aucun quiz correspondant
Distribution des résultats
% des personnes avec chaque résultat
Percentile par nombre de réponses
Votre historique - résultats
Vous n’avez pas pris ce quiz depuis la dernière actualisation